<?xml version="1.0" encoding="UTF-8"?>
<record
    xmlns:xsi="http://www.w3.org/2001/XMLSchema-instance"
    xsi:schemaLocation="http://www.loc.gov/MARC21/slim http://www.loc.gov/standards/marcxml/schema/MARC21slim.xsd"
    xmlns="http://www.loc.gov/MARC21/slim">

  <leader>     aam a22     7a 4500</leader>
  <datafield tag="999" ind1=" " ind2=" ">
    <subfield code="c">7142</subfield>
    <subfield code="d">7142</subfield>
  </datafield>
  <controlfield tag="003">OSt</controlfield>
  <controlfield tag="005">20180626162256.0</controlfield>
  <controlfield tag="008">180626e201801  spc|||| ||||| 0|0 e cat|d</controlfield>
  <datafield tag="017" ind1=" " ind2=" ">
    <subfield code="a">DL L 8-2018</subfield>
    <subfield code="b">Biblioteca de Catalunya</subfield>
  </datafield>
  <datafield tag="020" ind1=" " ind2=" ">
    <subfield code="a">9788499759425</subfield>
  </datafield>
  <datafield tag="040" ind1=" " ind2=" ">
    <subfield code="a">ES-BaUB</subfield>
    <subfield code="b">cat</subfield>
    <subfield code="c">CDMR</subfield>
  </datafield>
  <datafield tag="100" ind1="1" ind2=" ">
    <subfield code="a">Arbon&#xE8;s, Jordi</subfield>
    <subfield code="d">1929-2001,</subfield>
    <subfield code="e">autor</subfield>
    <subfield code="9">60</subfield>
  </datafield>
  <datafield tag="245" ind1="1" ind2="0">
    <subfield code="a">Pedrolo contra els l&#xED;mits </subfield>
    <subfield code="c">/ Jordi Arbon&#xE8;s i Montull ; pr&#xF2;leg i actualitzaci&#xF3; de l'estudi d'Antoni Munn&#xE9;-Jord&#xE0;</subfield>
  </datafield>
  <datafield tag="260" ind1=" " ind2=" ">
    <subfield code="a">Lleida :</subfield>
    <subfield code="b">Pag&#xE8;s Editors,</subfield>
    <subfield code="c">2018</subfield>
  </datafield>
  <datafield tag="300" ind1=" " ind2=" ">
    <subfield code="a">176 p ;</subfield>
    <subfield code="c">24 cm</subfield>
  </datafield>
  <datafield tag="504" ind1=" " ind2=" ">
    <subfield code="a">Inclou bibliografia  </subfield>
  </datafield>
  <datafield tag="600" ind1="1" ind2="7">
    <subfield code="a">Pedrolo, Manuel de</subfield>
    <subfield code="d">1918-1990</subfield>
    <subfield code="x">Cr&#xED;tica i interpretaci&#xF3;</subfield>
    <subfield code="2">lemac</subfield>
    <subfield code="9">2063</subfield>
  </datafield>
  <datafield tag="700" ind1="1" ind2=" ">
    <subfield code="a">Munn&#xE9;-Jord&#xE0;, A.</subfield>
    <subfield code="q">(Antoni),</subfield>
    <subfield code="d">1948-</subfield>
    <subfield code="e">escriptor d'un pr&#xF2;leg</subfield>
  </datafield>
  <datafield tag="942" ind1=" " ind2=" ">
    <subfield code="c">MON</subfield>
  </datafield>
  <datafield tag="952" ind1=" " ind2=" ">
    <subfield code="0">0</subfield>
    <subfield code="1">0</subfield>
    <subfield code="4">0</subfield>
    <subfield code="7">0</subfield>
    <subfield code="a">CDMR</subfield>
    <subfield code="b">CDMR</subfield>
    <subfield code="d">2018-06-26</subfield>
    <subfield code="e">Intercanvi</subfield>
    <subfield code="g">16.00</subfield>
    <subfield code="l">0</subfield>
    <subfield code="o">Du 1/138</subfield>
    <subfield code="p">CDMR18060003</subfield>
    <subfield code="r">2018-06-26</subfield>
    <subfield code="v">16.00</subfield>
    <subfield code="w">2018-06-26</subfield>
    <subfield code="y">MON</subfield>
  </datafield>
</record>
